000 nam a22 7a 4500
999 _c336746
_d336746
003 IT-MiCISF
005 20170707165636.0
008 170707b xxu||||| |||| 00| 0 eng d
040 _aIT-MiCISF
_cIT-MiCISF
041 _ait
100 _aPerroni Marinella (et al.)
_956543
210 _aIl regno. Attualità
245 _aDonne e teologia
260 _c2015
300 _app. 53-65
310 _aquindicinale
362 _an. 1, 15 gennaio
500 _adonna, teologia, chiesa
650 _adonna
_956116
654 _adossier
700 _aMorra S.
_aVantini L.
_aTomassone L.
_aCiccone S.
_aSimonelli C.
_956544
942 _2ddc
_cCR